[Event "Haifa"]
[Site "?"]
[Date "1989.??.??"]
[Round "?"]
[White "Inkiov, V."]
[Black "Schussler, H."]
[Result "1-0"]
[WhiteElo "2475"]
[BlackElo "2540"]
[PlyCount "57"]
[EventDate "1989.??.??"]
[Source "ChessBase"]
[SourceDate "1989.07.01"]

1. e4 e5 2. Bc4 Nf6 3. d3 Nc6 4. Nf3 Bc5 5. Nc3 a6 6. Bg5 h6 7. Bxf6 Qxf6 8. Nd5 Qd8 9. c3 d6 10. d4 Ba7 11. dxe5 dxe5 12. Qe2 Bg4 13. Rd1 Qb8 14. b4 O-O 15. h3 Be6 16. O-O Re8 17. Nh4 b5 18. Bb3 Ne7 19. Nf6+ gxf6 20. Bxe6 fxe6 21. Qg4+ Kh8 22. Rd7 Rg8 23. Qxe6 Qf8 24. Rxe7 Rd8 25. Nf5 Rg6 26. Rxc7 Bb8 27. Rf7 Qe8 28. Qxe8+ Rxe8 29. Rd1 1-0

[Event "Open"]
[Site "Vladimir"]
[Date "2004.08.23"]
[Round "6"]
[White "Vorobiov, Evgeny E"]
[Black "Dvalishvili, Pavel S"]
[Result "1-0"]
[WhiteElo "2534"]
[BlackElo "2477"]
[PlyCount "109"]
[EventDate "2004.08.18"]
[Source "Roberto Alvarez"]
[SourceDate "2004.09.21"]

1. e4 e5 2. Bc4 Nc6 3. Nf3 d6 4. O-O Be7 5. Re1 Nf6 6. Bb3 O-O 7. c3 Kh8 8. h3 Ng8 9. d4 Bf6 10. Be3 Na5 11. Bc2 Nc4 12. Bc1 g6 13. Qe2 Nb6 14. Nbd2 Bg7 15. Nf1 Qe7 16. a4 a5 17. b3 f6 18. Ba3 Qf7 19. Rad1 Re8 20. Ne3 Be6 21. c4 h6 22. c5 dxc5 23. d5 Bd7 24. Bxc5 Nc8 25. Bd3 b6 26. Ba3 Bf8 27. Bb2 Nd6 28. Rc1 Bc8 29. Rc2 Kh7 30. Rec1 Ra7 31. Rc6 Qd7 32. Qc2 Re7 33. Ba3 Rg7 34. Nc4 Bb7 35. Nxd6 Bxd6 36. Bxd6 Bxc6 37. Bf8 Ba8 38. Bb5 Qd8 39. Bxg7 Kxg7 40. Ne1 Ne7 41. Nd3 c6 42. dxc6 Bxc6 43. Bxc6 Rc7 44. Nb2 Rxc6 45. Nc4 Nc8 46. Rd1 Qe7 47. Qd3 Rc7 48. Qe3 Rd7 49. Rxd7 Qxd7 50. Nxb6 Nxb6 51. Qxb6 Qd2 52. Qa7+ Kg8 53. Qe3 Qd1+ 54. Kh2 h5 55. Qh6 1-0

[Event "Stadtcasino op 3rd"]
[Site "Baden"]
[Date "1998.??.??"]
[Round "9"]
[White "Pikula, Dejan"]
[Black "Rogers, Ian"]
[Result "0-1"]
[WhiteElo "2440"]
[BlackElo "2570"]
[PlyCount "136"]
[EventDate "1998.04.10"]
[Source "ChessBase"]
[SourceDate "1998.07.07"]

1. e4 e5 2. Bc4 Nc6 3. Nf3 Bc5 4. O-O d6 5. c3 Qf6 6. b4 Bb6 7. a4 a5 8. b5 Nce7 9. d4 h6 10. Be3 Ng6 11. Nbd2 N8e7 12. Re1 O-O 13. Bf1 Nf4 14. Nc4 Neg6 15. Nxb6 cxb6 16. h3 Re8 17. d5 Nf8 18. Nd2 Qg6 19. Kh2 Nh7 20. g3 Nh5 21. Bg2 N5f6 22. Nc4 Ng5 23. Nxb6 Rb8 24. f3 Nd7 25. h4 Nh7 26. c4 Nxb6 27. Bxb6 f5 28. Bc7 Ra8 29. Qd3 f4 30. gxf4 exf4 31. Qd2 Qf6 32. Qf2 Re5 33. Kg1 Rh5 34. c5 Rxh4 35. e5 dxe5 36. Bxe5 Qg5 37. c6 Qh5 38. Bb2 Ng5 39. Re5 bxc6 40. dxc6 Bh3 41. Re7 Nf7 42. Qd4 Qg6 43. Qxg7+ Qxg7 44. Bxg7 Kxg7 45. b6 Bxg2 46. Kxg2 Kf6 47. Rxf7+ Kxf7 48. Rg1 Rd8 49. b7 Rd2+ 50. Kf1 Rhh2 51. Rg2 Rdxg2 52. b8=Q Rc2 53. Qxf4+ Ke6 54. Kg1 Rhd2 55. Qxh6+ Kd5 56. Qg5+ Kxc6 57. Qb5+ Kd6 58. Qb6+ Ke7 59. Qa7+ Kf6 60. Qb6+ Ke7 61. Qa7+ Kd6 62. Qb6+ Kd5 63. Qxa5+ Kc4 64. Qb5+ Kc3 65. Qc5+ Kb2 66. Qe5+ Kb1 67. Qb5+ Ka2 68. Qf1 Rb2 0-1

[Event "Zhukov mem"]
[Site "Spasskoe"]
[Date "1996.??.??"]
[Round "13"]
[White "Komliakov, Viktor"]
[Black "Mukhametov, Eldar"]
[Result "1/2-1/2"]
[WhiteElo "2500"]
[BlackElo "2505"]
[PlyCount "73"]
[EventDate "1996.??.??"]
[Source "www.chesslib.no"]
[SourceDate "2004.05.04"]

1. e4 e5 2. Nf3 Nc6 3. Bc4 h6 4. O-O d6 5. d4 Bg4 6. c3 Qd7 7. Bb5 exd4 8. cxd4 a6 9. Be2 Nf6 10. h3 Bh5 11. d5 Ne7 12. Nc3 Bxf3 13. Bxf3 g5 14. Be3 Bg7 15. Bd4 O-O 16. Ne2 Ng6 17. Ng3 Nh4 18. Rc1 Rfe8 19. Re1 Re7 20. Qb3 Rae8 21. Rcd1 Qb5 22. Re3 Qxb3 23. Rxb3 b5 24. Ra3 Ra8 25. Rc3 Rae8 26. Rc6 a5 27. Kh2 Nd7 28. Bxg7 Kxg7 29. Rxc7 Ne5 30. Rxe7 Nexf3+ 31. gxf3 Rxe7 32. Rc1 Kf6 33. Kg1 Nxf3+ 34. Kg2 Nh4+ 35. Kf1 Ke5 36. Rc3 b4 37. Rc8 1/2-1/2

[Event "Portoroz op"]
[Site "Portoroz"]
[Date "1996.??.??"]
[Round "?"]
[White "Sermek, Drazen"]
[Black "Mestrovic, Zvonimir"]
[Result "1-0"]
[WhiteElo "2535"]
[BlackElo "2470"]
[PlyCount "41"]
[EventDate "1996.03.??"]
[Source "ChessBase"]

1. e4 Nc6 2. Nf3 e5 3. Bc4 Be7 4. d4 d6 5. h3 Nf6 6. Nc3 O-O 7. O-O Re8 8. Re1 exd4 9. Nxd4 Nxd4 10. Qxd4 Nd7 11. Be3 Bf6 12. Qd2 Bxc3 13. Qxc3 Ne5 14. Bf1 Bd7 15. Rad1 Bc6 16. f4 Ng6 17. Bd4 Nxf4 18. Bxg7 Nxh3+ 19. Kh2 Re6 20. gxh3 Rg6 21. Be5 1-0

[Event "Novgorod op"]
[Site "Novgorod"]
[Date "1999.03.20"]
[Round "2"]
[White "Kobalija, Mihail"]
[Black "Polovodin, Igor A"]
[Result "1/2-1/2"]
[WhiteElo "2537"]
[BlackElo "2468"]
[PlyCount "99"]
[EventDate "1999.03.19"]
[Source "ChessBase"]
[SourceDate "1999.05.10"]

1. e4 e5 2. Nf3 Nc6 3. Bc4 g6 4. d4 exd4 5. Bg5 Be7 6. Bxe7 Qxe7 7. O-O Nf6 8. Re1 O-O 9. Bb3 d6 10. Nxd4 Na5 11. Nc3 Nxb3 12. axb3 c6 13. h3 Bd7 14. Qd2 a6 15. Rad1 Ne8 16. f4 Rd8 17. e5 Bc8 18. Qf2 dxe5 19. fxe5 f6 20. Qh4 g5 21. Qg3 f5 22. e6 Ng7 23. b4 f4 24. Qg4 Qxb4 25. Re4 Qe7 26. Rde1 h6 27. Qe2 Rd6 28. Na4 Rfd8 29. c3 Re8 30. Nb6 c5 31. Nxc8 Rxc8 32. Nf3 Re8 33. Qc4 b5 34. Qxc5 Rxe6 35. Qd5 Qf7 36. Rxe6 Rxe6 37. Ne5 Qf5 38. Qd4 Kh7 39. b4 Re8 40. Kf2 Qf6 41. Qd3+ Kg8 42. Nd7 Qf7 43. Rxe8+ Nxe8 44. Qd4 Nc7 45. Nf6+ Kf8 46. Ng4 Qa2+ 47. Kg1 Qe6 48. Qh8+ Ke7 49. Qg7+ Kd6 50. Nxh6 1/2-1/2

[Event "Capablanca mem-B"]
[Site "Matanzas"]
[Date "1995.??.??"]
[Round "12"]
[White "Arencibia, Walter"]
[Black "Hernandez, Gilberto"]
[Result "1/2-1/2"]
[WhiteElo "2485"]
[BlackElo "2510"]
[PlyCount "40"]
[EventDate "1995.05.??"]
[Source "ChessBase"]

1. e4 e5 2. Nf3 Nc6 3. Nc3 Nf6 4. Bc4 Bc5 5. d3 d6 6. Bg5 h6 7. Bxf6 Qxf6 8. Nd5 Qd8 9. c3 Bb6 10. O-O O-O 11. Qe2 Be6 12. Nxb6 axb6 13. Bxe6 fxe6 14. d4 Qf6 15. dxe5 Nxe5 16. Nxe5 Qxe5 17. Qc4 d5 18. exd5 exd5 19. Qd3 Qf5 20. Qxf5 Rxf5 1/2-1/2

[Event "URS Spartakiad"]
[Site "Moscow RUS"]
[Date "1981.??.??"]
[Round "?"]
[White "Dolmatov, Sergey V"]
[Black "Vorotnikov, Vladislav V"]
[Result "1/2-1/2"]
[WhiteElo "2545"]
[BlackElo "2445"]
[PlyCount "64"]
[EventDate "1981.05.16"]
[Source "www.chesslib.no"]
[SourceDate "2004.05.04"]

1. e4 e5 2. Nf3 Nc6 3. Bc4 d6 4. c3 Bg4 5. d3 Qf6 6. Nbd2 Nge7 7. h3 Bd7 8. Bb3 g5 9. Nf1 h6 10. Be3 Ng6 11. g3 Qg7 12. d4 f5 13. exf5 Bxf5 14. d5 Nce7 15. Qe2 a6 16. O-O-O Qf7 17. c4 Bg7 18. N3d2 Nf4 19. gxf4 exf4 20. Ng3 fxg3 21. fxg3 O-O 22. g4 Qf6 23. Nb1 Bh7 24. Nc3 Ng6 25. Bc2 Rae8 26. Qd2 Nf4 27. Bxh7+ Kxh7 28. h4 Kg8 29. Rhf1 Re7 30. hxg5 hxg5 31. Kb1 Qg6+ 32. Ka1 Rfe8 1/2-1/2

[Event "Cannes op"]
[Site "Cannes"]
[Date "1996.??.??"]
[Round "2"]
[White "Sermek, Drazen"]
[Black "David, Alberto"]
[Result "1-0"]
[WhiteElo "2535"]
[BlackElo "2455"]
[PlyCount "63"]
[EventDate "1996.02.??"]
[Source "ChessBase"]

1. e4 e5 2. Nf3 Nc6 3. Bc4 Nf6 4. d3 Bc5 5. Nc3 d6 6. Bg5 h6 7. Bxf6 Qxf6 8. Nd5 Qd8 9. c3 O-O 10. O-O a6 11. d4 Ba7 12. h3 Re8 13. Re1 Nb8 14. Qd3 c6 15. Ne3 d5 16. exd5 e4 17. Qd1 exf3 18. Qxf3 cxd5 19. Bxd5 Re7 20. Nf5 Rc7 21. Nd6 Qxd6 22. Re8+ Kh7 23. Bxf7 Nc6 24. Qe4+ g6 25. Rh8+ Kxh8 26. Qe8+ Kg7 27. Qg8+ Kf6 28. Qxg6+ Ke7 29. Re1+ Ne5 30. Rxe5+ Qxe5 31. dxe5 Rc6 32. Qg8 1-0

[Event "CZE-chT 9798"]
[Site "CZE"]
[Date "1997.12.14"]
[Round "4"]
[White "Velicka, Petr"]
[Black "Blatny, Pavel"]
[Result "1-0"]
[WhiteElo "2430"]
[BlackElo "2560"]
[PlyCount "67"]
[EventDate "1997.??.??"]
[Source "www.chesslib.no"]
[SourceDate "2004.05.04"]

1. e4 e5 2. Nf3 Nc6 3. Bc4 h6 4. d4 exd4 5. Nxd4 Qf6 6. Be3 Bc5 7. c3 Ne5 8. Be2 Qg6 9. O-O Nf6 10. Nd2 O-O 11. Nf5 Bd6 12. f4 Neg4 13. Bd4 h5 14. h3 Nh6 15. Nxh6+ Qxh6 16. e5 Nd5 17. exd6 Nxf4 18. dxc7 Qg5 19. Rxf4 Qxf4 20. Bxh5 d5 21. Qe2 Qxc7 22. Qe5 Qxe5 23. Bxe5 Re8 24. Bd4 Bf5 25. Rf1 Bg6 26. Bxg6 fxg6 27. Nf3 Re2 28. Rf2 Re6 29. Rd2 Rae8 30. Kf1 b6 31. Bf2 Rd6 32. c4 Red8 33. Bg3 R6d7 34. Bh4 1-0

[Event "Haifa ol (Men)"]
[Site "Haifa ISR"]
[Date "1976.??.??"]
[Round "11"]
[White "Sigurjonsson, Gudmundur"]
[Black "Biyiasas, Peter"]
[Result "1/2-1/2"]
[WhiteElo "2530"]
[BlackElo "2460"]
[PlyCount "30"]
[EventDate "1976.11.??"]
[Source "www.chesslib.no"]
[SourceDate "2004.05.04"]

1. e4 e5 2. Bc4 Nf6 3. d3 Nc6 4. Nc3 Bc5 5. Nf3 d6 6. Bg5 h6 7. Bxf6 Qxf6 8. Nd5 Qd8 9. c3 O-O 10. b4 Bb6 11. a4 a6 12. Nxb6 cxb6 13. Qe2 Bg4 14. h3 Bxf3 15. Qxf3 b5 1/2-1/2

[Event "Yerevan"]
[Site "Yerevan"]
[Date "1984.??.??"]
[Round "?"]
[White "Malaniuk, Vladimir P"]
[Black "Short, Nigel D"]
[Result "1/2-1/2"]
[WhiteElo "2485"]
[BlackElo "2500"]
[PlyCount "79"]
[EventDate "1984.10.??"]
[Source "ChessBase"]

1. e4 e5 2. Nf3 Nc6 3. Bc4 Nf6 4. d3 Bc5 5. Nc3 h6 6. O-O O-O 7. h3 d6 8. Na4 Bb6 9. c3 Re8 10. Bb3 Be6 11. Bc2 d5 12. d4 Nxe4 13. Nxb6 axb6 14. dxe5 f6 15. exf6 Qxf6 16. Be3 Bf7 17. Nd2 Rad8 18. Nxe4 dxe4 19. Qg4 Re5 20. Bf4 Re7 21. Qg3 Bc4 22. Rfe1 Rf8 23. Be3 Bd3 24. Bb3+ Kh8 25. Rad1 Qf5 26. Rd2 Rf6 27. Qg4 b5 28. Qxf5 Rxf5 29. f3 Na5 30. fxe4 Bxe4 31. Rd8+ Kh7 32. Bg8+ Kg6 33. Bc1 Nc6 34. Rd2 Bd5 35. Rxe7 Nxe7 36. Bxd5 Rxd5 37. Re2 Rd1+ 38. Kf2 Rxc1 39. Rxe7 Rc2+ 40. Kf3 1/2-1/2

[Event "Tarrassa"]
[Site "Tarrassa"]
[Date "1989.??.??"]
[Round "?"]
[White "Ivanovic, Bozidar"]
[Black "Rodriguez, Orestes"]
[Result "0-1"]
[WhiteElo "2530"]
[BlackElo "2445"]
[PlyCount "54"]
[EventDate "1989.03.??"]
[Source "www.chesslib.no"]
[SourceDate "2004.05.04"]

1. e4 e5 2. Nf3 Nc6 3. Bc4 Nf6 4. d3 Bc5 5. Nc3 d6 6. Bg5 Be6 7. Nd5 Nd4 8. Nxf6+ gxf6 9. Bxe6 fxe6 10. Bh4 Nc6 11. c3 Qe7 12. b4 Bb6 13. Nd2 Rg8 14. Nc4 Qf7 15. a4 d5 16. a5 Bd4 17. cxd4 dxc4 18. dxe5 Nxe5 19. dxc4 Rg4 20. Bg3 Rxe4+ 21. Kf1 Rd8 22. Qc1 Rxc4 23. Qe3 Rd3 24. Qe2 Rdc3 25. Rd1 Nc6 26. h3 Rc1 27. Kg1 Nd4 0-1

[Event "Graz op"]
[Site "Graz"]
[Date "1997.??.??"]
[Round "8"]
[White "Baumegger, Siegfried"]
[Black "Rabiega, Robert"]
[Result "0-1"]
[WhiteElo "2485"]
[BlackElo "2490"]
[PlyCount "108"]
[EventDate "1997.10.??"]
[Source "www.chesslib.no"]
[SourceDate "2004.05.04"]

1. e4 e5 2. Nc3 Bc5 3. Bc4 Nf6 4. d3 d6 5. Nf3 Nc6 6. Bg5 h6 7. Bxf6 Qxf6 8. Nd5 Qd8 9. c3 Ne7 10. d4 Nxd5 11. dxc5 Nf4 12. g3 Nh3 13. cxd6 cxd6 14. Nh4 O-O 15. Qe2 Be6 16. Rd1 Qf6 17. Bb3 Rad8 18. f3 a6 19. Ng2 Bxb3 20. axb3 Qe6 21. Qc4 d5 22. exd5 Qb6 23. Rf1 Rfe8 24. Rd2 Ng5 25. Re2 Qa5 26. Ne3 e4 27. f4 Nf3+ 28. Kf2 Nxh2 29. Rd1 Qb6 30. Kg2 Nf3 31. b4 Qg6 32. Rh1 h5 33. Kf2 Rd6 34. Qc7 h4 35. g4 Rf6 36. g5 Nxg5 37. Ke1 Nf3+ 38. Kd1 Qg3 39. Qd7 Rf8 40. f5 h3 41. Qe7 Rh6 42. f6 Rxf6 43. Qxe4 g6 44. Qg4 Qxg4 45. Nxg4 Rf4 46. Re4 Rxe4 47. Nf6+ Kg7 48. Nxe4 Rh8 49. Ke2 Ne5 50. Kf2 f5 51. Ng5 h2 52. Kg3 Kf6 53. Nh3 Ng4 54. Re1 Re8 0-1

[Event "Cham"]
[Site "Cham"]
[Date "1991.??.??"]
[Round "6"]
[White "Kuczynski, Robert"]
[Black "Blatny, Pavel"]
[Result "0-1"]
[WhiteElo "2480"]
[BlackElo "2495"]
[PlyCount "98"]
[EventDate "1991.??.??"]
[Source "www.chesslib.no"]
[SourceDate "2004.05.04"]

1. e4 e5 2. Nf3 Nc6 3. Bc4 h6 4. O-O d6 5. c3 Qf6 6. d3 Nge7 7. Be3 g5 8. d4 Ng6 9. Bb5 a6 10. Qa4 Bd7 11. d5 Nb8 12. Bxd7+ Nxd7 13. c4 g4 14. Nfd2 h5 15. Nc3 Bh6 16. Rae1 Ke7 17. b4 Rag8 18. c5 Nh4 19. Kh1 Bf4 20. Bxf4 Qxf4 21. Re3 Qh6 22. Qc2 Ng6 23. c6 bxc6 24. dxc6 Nf6 25. Nc4 Nf4 26. Rd3 h4 27. Ne3 Rg5 28. Nf5+ Rxf5 29. exf5 g3 30. h3 Rg8 31. fxg3 Nxd3 32. Qxd3 Rxg3 33. Nd5+ Kf8 34. Qd1 Ne4 35. Qc2 Re3 36. Nxc7 Re2 37. Ne6+ Ke7 38. Qc1 Ng3+ 39. Kg1 Rd2 40. Re1 fxe6 41. c7 Qf4 42. Qc6 Qf2+ 43. Kh2 Qxe1 44. Qe8+ Kxe8 45. c8=Q+ Ke7 46. Qxe6+ Kd8 47. Qf6+ Kc7 48. Qe7+ Kc6 49. Qe8+ Kd5 0-1

[Event "Reykjavik Olafsson"]
[Site "Reykjavik"]
[Date "1995.??.??"]
[Round "4"]
[White "Larsen, Bent"]
[Black "Gligoric, Svetozar"]
[Result "1/2-1/2"]
[WhiteElo "2515"]
[BlackElo "2455"]
[PlyCount "69"]
[EventDate "1995.09.??"]
[Source "ChessBase"]

1. e4 e5 2. Nc3 Nf6 3. Nf3 Nc6 4. Bc4 Bc5 5. d3 d6 6. Bg5 h6 7. Be3 Bxe3 8. fxe3 Na5 9. Bb3 Nxb3 10. axb3 c6 11. O-O O-O 12. Qe1 Be6 13. Nh4 d5 14. exd5 Nxd5 15. Nxd5 cxd5 16. d4 e4 17. Nf5 a5 18. Qg3 Qg5 19. h4 Qxg3 20. Nxg3 b5 21. Ne2 Rfc8 22. Rfc1 a4 23. bxa4 Rxa4 24. Rxa4 bxa4 25. Kf2 Rb8 26. Nc3 Rxb2 27. Nxa4 Ra2 28. Nc5 g5 29. hxg5 hxg5 30. Ke2 Kg7 31. Kd2 Kg6 32. Nxe6 fxe6 33. g4 Ra5 34. Rb1 Kf6 35. Rf1+ 1/2-1/2

[Event "Nationale I Jeune, Clichy"]
[Site "Clichy"]
[Date "1998.??.??"]
[Round "?"]
[White "Poulet, Antoines"]
[Black "Pays, Jorma"]
[Result "1-0"]
[WhiteElo "2450"]
[BlackElo "2520"]
[PlyCount "65"]
[EventDate "1998.??.??"]
[Source "www.chesslib.no"]
[SourceDate "2004.05.04"]

1. e4 e5 2. Nf3 Nc6 3. Bc4 Nf6 4. Nc3 Bc5 5. d3 h6 6. Nd5 Nxd5 7. Bxd5 O-O 8. c3 d6 9. d4 exd4 10. cxd4 Bb4+ 11. Bd2 Bxd2+ 12. Qxd2 Be6 13. Bxe6 fxe6 14. O-O e5 15. d5 Ne7 16. Rac1 c6 17. Rfe1 cxd5 18. exd5 Qd7 19. Nh4 Rac8 20. Rxc8 Rxc8 21. Rc1 Nxd5 22. Rxc8+ Qxc8 23. Qxd5+ Kh8 24. g3 Qc1+ 25. Kg2 Qxb2 26. Ng6+ Kh7 27. Nf8+ Kh8 28. h4 e4 29. Qxe4 Kg8 30. Qe7 d5 31. Ng6 d4 32. h5 Kh7 33. Qf8 1-0

[Event "BL2-O 9596"]
[Site "GER"]
[Date "1996.??.??"]
[Round "?"]
[White "Womacka, Mathias"]
[Black "Kuczynski, Robert"]
[Result "1/2-1/2"]
[WhiteElo "2475"]
[BlackElo "2495"]
[PlyCount "60"]
[EventDate "1995.10.??"]
[Source "www.chesslib.no"]
[SourceDate "2004.05.04"]

1. e4 e5 2. Bc4 Nf6 3. d3 Nc6 4. Nf3 Bc5 5. Nc3 d6 6. Bg5 h6 7. Bxf6 Qxf6 8. Nd5 Qd8 9. c3 O-O 10. b4 Bb6 11. a4 a5 12. b5 Nb8 13. Nxb6 cxb6 14. O-O Qe7 15. Re1 Bg4 16. h3 Bxf3 17. Qxf3 Nd7 18. d4 Rac8 19. Bb3 Rc7 20. Rad1 Rfc8 21. Rd3 Qf6 22. Qxf6 Nxf6 23. Ree3 Kf8 24. Kf1 h5 25. Ke2 h4 26. Kd2 Ke7 27. Re1 Rh8 28. Rf3 g6 29. Kd3 Rhc8 30. Kd2 Rh8 1/2-1/2

[Event "Bar"]
[Site "Bar"]
[Date "1997.11.20"]
[Round "2"]
[White "Ivanovic, Bozidar"]
[Black "Skembris, Spyridon"]
[Result "1/2-1/2"]
[WhiteElo "2500"]
[BlackElo "2470"]
[PlyCount "104"]
[EventDate "1997.11.19"]
[Source "ChessBase"]
[SourceDate "1998.04.09"]

1. e4 e5 2. Nf3 Nc6 3. Bc4 Nf6 4. d3 Bc5 5. Nc3 O-O 6. h3 a6 7. a3 b5 8. Ba2 Rb8 9. Bg5 Be7 10. O-O d6 11. Be3 Bb7 12. Nd5 Qd7 13. Nxf6+ Bxf6 14. Nh2 Qe7 15. Qd2 Bc8 16. Ng4 Nd8 17. Nxf6+ Qxf6 18. Bg5 Qg6 19. Bxd8 Rxd8 20. f4 exf4 21. Rxf4 Be6 22. Bxe6 Qxe6 23. Raf1 f6 24. Rg4 Rf8 25. Rf3 Rf7 26. Rfg3 Kh8 27. Qf2 c5 28. Rf3 Rbf8 29. Rgf4 Kg8 30. c3 g6 31. Re3 Kg7 32. h4 Rc8 33. Re2 h5 34. Re3 Rcf8 35. Rff3 d5 36. exd5 Qxd5 37. Qg3 Rd8 38. Re4 Rdd7 39. Rfe3 Qb3 40. Qf2 Qd1+ 41. Qf1 Qc2 42. Re6 Qxb2 43. Rg3 Qxc3 44. Qf5 Qc1+ 45. Kh2 Qh6 46. Rxf6 Rxf6 47. Qxd7+ Rf7 48. Qd6 c4 49. dxc4 bxc4 50. Rg5 Kh7 51. Qe6 Qg7 52. Qxc4 Qf6 1/2-1/2

[Event "Kstovo op"]
[Site "Kstovo"]
[Date "1994.??.??"]
[Round "2"]
[White "Minasian, Artashes"]
[Black "Bezgodov, Alexei"]
[Result "1/2-1/2"]
[WhiteElo "2525"]
[BlackElo "2440"]
[PlyCount "38"]
[EventDate "1994.08.??"]
[Source "ChessBase"]

1. e4 e5 2. Nf3 Nc6 3. Bc4 Nf6 4. d3 Bc5 5. Nc3 d6 6. Bg5 h6 7. Bxf6 Qxf6 8. Nd5 Qd8 9. c3 a6 10. d4 Ba7 11. dxe5 Nxe5 12. Nxe5 dxe5 13. Qh5 O-O 14. Qxe5 Re8 15. Qf4 Qd6 16. Qf3 Be6 17. O-O-O Qe5 18. Bd3 c6 19. Qf4 Qxf4+ 1/2-1/2

[Event "ISR-chT"]
[Site "?"]
[Date "2003.03.08"]
[Round "5"]
[White "Kantsler Boris"]
[Black "Zilberman Yaacov"]
[Result "1/2-1/2"]
[WhiteElo "2491"]
[BlackElo "2473"]
[PlyCount "45"]
[EventDate "2003.??.??"]
[Source "www.chesslib.no"]
[SourceDate "2004.05.04"]

1. e4 e5 2. Nf3 Nc6 3. Bc4 d6 4. c3 Be6 5. Bxe6 fxe6 6. Qb3 Qc8 7. Ng5 Nd8 8. d4 Nf6 9. dxe5 dxe5 10. Qb5+ Nc6 11. Qc4 Nd8 12. f4 Bd6 13. O-O O-O 14. fxe5 Bxe5 15. Nd2 h6 16. Ndf3 Bd6 17. Nh3 Ng4 18. Nf2 Rxf3 19. Nxg4 Rxf1+ 20. Qxf1 Nf7 21. Be3 a6 22. Qf3 Qe8 23. Rf1 1/2-1/2

[Event "Sochi"]
[Site "Sochi"]
[Date "1997.??.??"]
[Round "?"]
[White "Komliakov, Viktor"]
[Black "Vorotnikov, Vladislav V"]
[Result "0-1"]
[WhiteElo "2460"]
[BlackElo "2495"]
[PlyCount "80"]
[EventDate "1997.??.??"]
[Source "www.chesslib.no"]
[SourceDate "2004.05.04"]

1. e4 e5 2. Nf3 Nc6 3. Bc4 d6 4. c3 Qe7 5. O-O g6 6. d4 Bg7 7. Bb5 Bd7 8. Be3 Nf6 9. d5 Nd8 10. Bxd7+ Nxd7 11. c4 O-O 12. Nc3 f5 13. Ne1 Nf7 14. f3 h5 15. exf5 gxf5 16. Nd3 b6 17. Qe2 Qf6 18. Rae1 Qg6 19. Nb4 a6 20. Nc6 Bf6 21. Qc2 Kh7 22. f4 e4 23. b4 Rg8 24. Re2 Qg7 25. Nb1 Nh6 26. Nd2 Nb8 27. Nxb8 Raxb8 28. h3 Qf7 29. Nb3 Rg3 30. Rd1 Rbg8 31. Kf1 Qg7 32. c5 bxc5 33. bxc5 Nf7 34. c6 Nh8 35. Rdd2 Ng6 36. Nd4 Bxd4 37. Bxd4 Qh6 38. Rf2 Nxf4 39. Bb2 Qg5 40. Bc1 Rxh3 0-1

[Event "Marseille"]
[Site "?"]
[Date "2005.06.30"]
[Round "7.2"]
[White "Inkiov Ventzislav"]
[Black "Flear Glenn C"]
[Result "1/2-1/2"]
[WhiteElo "2474"]
[BlackElo "2475"]
[PlyCount "70"]
[EventDate "2005.??.??"]
[Source "www.chesslib.no"]
[SourceDate "2004.05.04"]

1. e4 e5 2. Bc4 Nf6 3. d3 Nc6 4. Nf3 Bc5 5. Nc3 h6 6. O-O d6 7. Na4 Bb6 8. a3 Bg4 9. h3 Bh5 10. Nxb6 axb6 11. c3 Qd7 12. Bb5 g5 13. d4 g4 14. hxg4 Qxg4 15. Qd3 O-O-O 16. Bxc6 bxc6 17. dxe5 Rhg8 18. Ne1 dxe5 19. Qa6+ Kb8 20. f3 Qg3 21. Qe2 Rd6 22. a4 Bg4 23. a5 Bc8 24. axb6 cxb6 25. Be3 Nh5 26. b4 Bb7 27. Qa2 Rdg6 28. Qxf7 Qh4 29. Bxb6 Rxg2+ 30. Nxg2 Rxg2+ 31. Kxg2 Qg3+ 32. Kh1 Qh3+ 33. Kg1 Qg3+ 34. Kh1 Qh3+ 35. Kg1 Qg3+ 1/2-1/2

[Event "ESP-chT1"]
[Site "Mondariz Balneario"]
[Date "2002.09.14"]
[Round "6.1"]
[White "Galego, Luis"]
[Black "Garbisu de Goni, Unai"]
[Result "1-0"]
[WhiteElo "2511"]
[BlackElo "2435"]
[PlyCount "139"]
[EventDate "2002.09.04"]
[Source "ChessBase"]
[SourceDate "2002.11.06"]

1. e4 e5 2. Bc4 Nc6 3. d3 Bc5 4. Nf3 Nf6 5. Nc3 h6 6. a3 a6 7. b4 Ba7 8. O-O d6 9. Be3 O-O 10. Bxa7 Rxa7 11. h3 Re8 12. Re1 Ra8 13. d4 exd4 14. Nxd4 Nxd4 15. Qxd4 Be6 16. Bf1 Nd7 17. f4 Qf6 18. Qxf6 Nxf6 19. Kf2 Kf8 20. a4 g6 21. a5 Bd7 22. e5 dxe5 23. fxe5 Ng8 24. Nd5 Rac8 25. c4 Red8 26. Nf4 g5 27. Nd3 Bc6 28. Nc5 Rd2+ 29. Kg1 Rb2 30. Rab1 Rxb1 31. Rxb1 Re8 32. b5 axb5 33. cxb5 Bd5 34. Rd1 Ne7 35. Nd7+ Kg7 36. Nf6 Rd8 37. a6 bxa6 38. bxa6 c6 39. Rb1 Ra8 40. Rb7 Ng6 41. Nxd5 cxd5 42. e6 Kf6 43. exf7 Ne5 44. Bb5 Nxf7 45. Rd7 Ke6 46. a7 Ne5 47. Rb7 Kd6 48. Kf2 Kc5 49. Ke3 Nc4+ 50. Bxc4 dxc4 51. g4 Kc6 52. Rh7 Kd5 53. Kd2 Ke4 54. Rf7 Kd4 55. Rd7+ Kc5 56. Kc3 Kc6 57. Rf7 Kc5 58. Rf5+ Kb6 59. Kxc4 Rc8+ 60. Kd5 Kxa7 61. Rf7+ Kb8 62. Rh7 Rc3 63. Rxh6 Kc7 64. Rh7+ Kd8 65. Ke6 Rf3 66. Rh8+ Kc7 67. Rh5 Kc6 68. Rh7 Rf1 69. Rf7 Rd1 70. Kf6 1-0

[Event "Compack"]
[Site "Budapest HUN"]
[Date "1988.??.??"]
[Round "?"]
[White "Kosten, Anthony C"]
[Black "Rajna, George"]
[Result "1-0"]
[WhiteElo "2510"]
[BlackElo "2435"]
[PlyCount "139"]
[EventDate "1988.10.??"]
[Source "www.chesslib.no"]
[SourceDate "2004.05.04"]

1. e4 e5 2. Nf3 Nc6 3. Bc4 g6 4. O-O Bg7 5. c3 Nge7 6. d4 d6 7. dxe5 dxe5 8. Qc2 O-O 9. Rd1 Qe8 10. Be3 b6 11. b4 Bb7 12. a4 a5 13. b5 Nd8 14. Nbd2 Kh8 15. Bd3 f5 16. Nc4 f4 17. Bc1 Nf7 18. Ba3 g5 19. h3 Bf6 20. Be2 h5 21. Nh2 Nh6 22. Rd2 Rg8 23. Rad1 Bc8 24. Rd8 Qf7 25. Bxe7 Qxe7 26. Rxg8+ Kxg8 27. Bxh5 Be6 28. Nd2 Rd8 29. Nb1 Rxd1+ 30. Qxd1 Qc5 31. Qd3 Nf7 32. Ng4 Be7 33. Nd2 Nd6 34. Nf3 Qc4 35. Qd1 Qb3 36. Qc1 Nxe4 37. Ngxe5 Qxc3 38. Qd1 Bd6 39. Bf7+ Bxf7 40. Nxf7 Qc5 41. Nh6+ Kf8 42. Ng4 Qc4 43. Qa1 Qc3 44. Qd1 Qc4 45. Kh2 Nc3 46. Qc2 Ke7 47. Qf5 Nxa4 48. Qxg5+ Ke8 49. Nf6+ Kd8 50. Qg4 Nc5 51. Ng5 a4 52. Nh5 f3+ 53. g3 Qe2 54. Nf7+ Ke8 55. Nxd6+ cxd6 56. Qc8+ Kf7 57. Qc7+ Kg8 58. Nf6+ Kf8 59. Nh7+ Kg8 60. Nf6+ Kf8 61. Qxd6+ Kg7 62. Ng4 a3 63. Qf6+ Kg8 64. Qg6+ Kf8 65. Qxb6 a2 66. Qxc5+ Ke8 67. Qc6+ Ke7 68. Qc1 Qd3 69. Qg5+ Kf8 70. Qf6+ 1-0

[Event "BUL Ch"]
[Site "Sofia BUL"]
[Date "1989.??.??"]
[Round "?"]
[White "Inkiov, Ventzislav V"]
[Black "Lukov, Valentin"]
[Result "1-0"]
[WhiteElo "2470"]
[BlackElo "2470"]
[PlyCount "89"]
[EventDate "1989.??.??"]
[Source "www.chesslib.no"]
[SourceDate "2004.05.04"]

1. e4 e5 2. Bc4 Nf6 3. d3 Nc6 4. Nf3 Bc5 5. Nc3 h6 6. O-O d6 7. Na4 Qe7 8. c3 a6 9. Nxc5 dxc5 10. Bd5 Bd7 11. Qb3 O-O 12. Re1 b6 13. Be3 Qd6 14. d4 cxd4 15. cxd4 Na5 16. Qc2 Nxd5 17. exd5 e4 18. Qxe4 Rfe8 19. Qf4 Qxd5 20. Qxc7 Rac8 21. Qg3 Kh7 22. Ne5 Bf5 23. b3 f6 24. Nf3 Nc6 25. Rac1 Be4 26. Nd2 Nxd4 27. Rxc8 Rxc8 28. Bxd4 Bxg2 29. Qxg2 Qxd4 30. Qe4+ Qxe4 31. Nxe4 Rc2 32. a4 f5 33. Nd6 f4 34. Kg2 Rb2 35. Re4 Rxb3 36. Rxf4 Kg6 37. h4 Kh5 38. Nc8 g5 39. hxg5 hxg5 40. Rc4 b5 41. Rc6 Ra3 42. axb5 axb5 43. Rb6 Rb3 44. Ne7 b4 45. Nd5 1-0